Statistics for U.S History by Picture #2

Click here to take the quiz!

General Stats

  • This quiz has been taken 350 times
  • The average score is 11 of 18

Answer Stats

Answer% Correct
Martin Luther King Jr.
100%
Pearl Harbor
97%
Atomic Bomb
89%
Hurricane {Katrina}
88%
Richard Nixon
87%
Texas
87%
Apollo 11
66%
John D. Rockefeller
66%
Jesse Owens
64%
Sitting Bull
62%
Oregon Trail
61%
Chicago
52%
Whig
46%
Fort Sumter
40%
Mormonism
37%
Cuban Missile Crisis
33%
U.S.S {Maine}
26%
Old Man of the Mountain
7%

Score Distribution

Percentile by Number Answered

Percent of People with Each Score

Your Score History

You have not taken this quiz